Welcome to WEB OPAC of MRSPTU Central Library

How to Win Friends and Influence People (Record no. 10621)

MARC details
000 -LEADER
fixed length control field 00515nam a22002057a 4500
003 - CONTROL NUMBER IDENTIFIER
control field OSt
005 - DATE AND TIME OF LATEST TRANSACTION
control field 20251216143556.0
008 - FIXED-LENGTH DATA ELEMENTS--GENERAL INFORMATION
fixed length control field 251216b |||||||| |||| 00| 0 eng d
020 ## - INTERNATIONAL STANDARD BOOK NUMBER
International Standard Book Number 978-81-291-4017-3
040 ## - CATALOGING SOURCE
Transcribing agency MRSPTU
041 ## - LANGUAGE CODE
Language code of text/sound track or separate title ENG
082 ## - DEWEY DECIMAL CLASSIFICATION NUMBER
Classification number 823
Item number CA-H
100 ## - MAIN ENTRY--PERSONAL NAME
Personal name Dale Carnegie
245 ## - TITLE STATEMENT
Title How to Win Friends and Influence People
250 ## - EDITION STATEMENT
Edition statement 41st Impression
260 ## - PUBLICATION, DISTRIBUTION, ETC.
Place of publication, distribution, etc. New Delhi
Name of publisher, distributor, etc. Rupa Publications India Pvt. Ltd.
Date of publication, distribution, etc. 2016
300 ## - PHYSICAL DESCRIPTION
Extent 274
650 ## - SUBJECT ADDED ENTRY--TOPICAL TERM
Topical term or geographic name entry element Literature
942 ## - ADDED ENTRY ELEMENTS (KOHA)
Source of classification or shelving scheme Dewey Decimal Classification
Koha item type Book
Suppress in OPAC No
Holdings
Withdrawn status Lost status Source of classification or shelving scheme Damaged status Not for loan Home library Current library Date acquired Total checkouts Full call number Barcode Date due Date last seen Date last checked out Price effective from Koha item type
    Dewey Decimal Classification     MRSPTU Central Library MRSPTU Central Library 12/16/2025 1 823 CA-H G-375 01/15/2026 12/24/2025 12/24/2025 12/16/2025 Book

Website Designed and Developed by MRSPTU Central Library Team

E-mail Id: librarian@mrsptu.ac.in